000 00951nam a22002177a 4500
999 _c63841
_d63841
003 Ge_BSU
005 20260202212350.0
008 260202s2026 ge ||||| |||| 00| 0 geo d
020 _a9789941500534
041 _ageo
080 _a821.353.1-4(479.223) მ-44
100 _aმახაჭაძე, შორენა
_93197
245 _aეპოქათა მიჯნაზე :
_bესეები აჭარაში მოღვაწე ქართველ მწერლებზე /
_cშრენა მახაჭაძე; რედ. დ. თედორაძე
264 _aბათუმი,
_c2025.
300 _a280 გვ.
_b20 სმ.
501 _aპირთა საძიებელი გვ. 277-280
504 _aბიბლიოგრ. გვ. 272-276
653 _aესეები
700 _aთედორაძე, დ.
_eრედაქტორი
_95037
942 _2udc
_cᲬᲘᲒᲜᲘ